El delito como accion : (Registro nro. 28792)

Detalles MARC
000 -LEADER
fixed length control field 00990nam a2200277Ia 4500
003 - CONTROL NUMBER IDENTIFIER
control field CO-CtgCURN
005 - DATE AND TIME OF LATEST TRANSACTION
control field 20250408172123.0
008 - FIXED-LENGTH DATA ELEMENTS--GENERAL INFORMATION
fixed length control field 190723s9999 xx 000 0 und d
020 ## - INTERNATIONAL STANDARD BOOK NUMBER
International Standard Book Number 9586908267
040 ## - CATALOGING SOURCE
Original cataloging agency CO-CtgCURN
Language of cataloging spa
Transcribing agency coctgcurn
082 ## - DEWEY DECIMAL CLASSIFICATION NUMBER
Classification number 345.02
Item number M617
100 ## - MAIN ENTRY--PERSONAL NAME
Personal name Mezger, Edmundo
245 #0 - TITLE STATEMENT
Title El delito como accion :
Remainder of title conducta humana /
Statement of responsibility, etc. Edmundo Mezger; traducción., Jose Arturo Rodriguez Munoz
260 ## - PUBLICATION, DISTRIBUTION, ETC.
Place of publication, distribution, etc. Bogotá, Colombia :
Name of publisher, distributor, etc. Leyer,
Date of publication, distribution, etc. 2005
300 ## - PHYSICAL DESCRIPTION
Extent 126 páginas ;
Dimensions 23 centímetros
490 ## - SERIES STATEMENT
Series statement Coleccion clásicos del Derecho
504 ## - BIBLIOGRAPHY, ETC. NOTE
Bibliography, etc. note Incluye referencias bibliográficas
521 ## - TARGET AUDIENCE NOTE
Target audience note AREA PROFESIONAL
590 ## - LOCAL NOTE (RLIN)
Local note Programa de Derecho_18
650 ## - SUBJECT ADDED ENTRY--TOPICAL TERM
Topical term or geographic name entry element Delitos
Geographic subdivision Alemania
650 ## - SUBJECT ADDED ENTRY--TOPICAL TERM
Topical term or geographic name entry element Derecho penal
700 ## - ADDED ENTRY--PERSONAL NAME
Personal name Rodriguez Munoz, Jose-Arturo
Relator term traductor
942 ## - ADDED ENTRY ELEMENTS (KOHA)
Koha item type Libros
Classification part 345.02
Item part M617
Source of classification or shelving scheme Dewey Decimal Classification
Suppress in OPAC No
Existencias
Withdrawn status Lost status Damaged status Not for loan Collection Home library Current library Shelving location Date acquired Inventory number Total checkouts Full call number Barcode Date last seen Copy number Price effective from Koha item type
          Miguel Henríquez Castañeda Barranquilla Miguel Henríquez Castañeda Barranquilla General 05/23/2018 01468   345.02 M617 01468 07/23/2019 ej.1 07/23/2019 Libros
          Miguel Henríquez Castañeda Barranquilla Miguel Henríquez Castañeda Barranquilla General 05/23/2018 01469   345.02 M617 01469 07/23/2019 ej.2 07/23/2019 Libros